Pixar Cars Radiator Springs Citizens by Name - Statistics

General Stats
  • This quiz has been taken 136 times
  • The average score is 13 of 14
Answer Stats
Picture Answer % Correct
Doc Hudson
98%
Sally Carrera
98%
Guido
97%
Luigi
96%
Mack
96%
Sir Tow Mater
96%
Montgomery "Lightning" McQueen
92%
Flo
91%
Red
87%
Fillmore
84%
Ramone
84%
Sarge
83%
Sheriff
82%
Lizzie
71%
No matching quizzes found
Score Distribution
Percent of People with Each Score
Percentile by Number Answered
Your Score History
You have not taken this quiz